Score 0/66 Timer 10:00
0 Plays Today
Suffix Country % Correct
-tanPakistan
85.4%
-tanAfghanistan
84.4%
-ndsNetherlands
79.4%
-tanUzbekistan
78.8%
-tanKazakhstan
78%
-tanTurkmenistan
77.8%
-andIceland
77.4%
-andIreland
75.5%
-andFinland
74.2%
-liaAustralia
74.1%
-niaAlbania
73.3%
-tanTajikistan
71.3%
-tanKyrgyzstan
71.2%
-neaGuinea
70.4%
-biaSerbia
69.9%
-inaArgentina
69.7%
-andPoland
68.5%
-siaRussia
67.9%
-siaMalaysia
67.8%
-siaIndonesia
66.3%
-niaRomania
66%
-riaAustria
65.5%
-liaSomalia
65.2%
-reaEritrea
64.9%
-riaAlgeria
64.4%
-biaColombia
64%
-riaBulgaria
63.9%
-andNew Zealand
63.8%
-icaUnited States of America
62.6%
-niaLithuania
62.2%
-andSwitzerland
62.1%
-reaSouth Korea
61.7%
-reaNorth Korea
61.7%
Suffix Country % Correct
-inaChina
61.4%
-icaDominica
60.8%
-andThailand
60.3%
-niaEstonia
60.2%
-biaNamibia
59.7%
-niaSlovenia
59.4%
-niaTanzania
58.9%
-siaTunisia
57.7%
-neaPapua New Guinea
57.6%
-riaSyria
57.5%
-riaNigeria
57.1%
-niaArmenia
55.7%
-inaBosnia and Herzegovina
55.6%
-biaZambia
55.2%
-liaMongolia
54.8%
-icaSouth Africa
54.3%
-biaSaudi Arabia
52.9%
-neaEquatorial Guinea
52.4%
-licDominican Republic
51.9%
-tanBhutan
51.8%
-licCentral African Republic
50.9%
-riaLiberia
50.3%
-niaNorth Macedonia
49.6%
-ndsMarshall Islands
49.1%
-anaGhana
48.9%
-anaGuyana
47.7%
-icaJamaica
47.7%
-icaCosta Rica
47.4%
-ndsSolomon Islands
47.4%
-biaGambia
46.4%
-anaBotswana
46.3%
-niaMauritania
44.9%
-siaMicronesia
40.2%
Come Together.
Have Fun.
All Virtual.
We all need to come together. Play Sporcle's virtual live trivia to have fun, connect with people, and get your trivia on. Join a live hosted trivia game for your favorite pub trivia experience done virtually. If a virtual private party is more your thing, go here for details.

You're not logged in!

Compare scores with friends on all Sporcle quizzes.
OR
Log In

Sporcle TV

Today on Sporcle TV


Watch our educational content, quiz creation guides, and fun videos on Sporcle TV.

Show Comments

Extras

Top Quizzes Today


Score Distribution

Paid Content

Your Account Isn't Verified!

In order to create a playlist on Sporcle, you need to verify the email address you used during registration. Go to your Sporcle Settings to finish the process.

Report this User

Report this user for behavior that violates our Community Guidelines.

Details: